Born in Vilnius - Statistics

General Stats
  • This quiz has been taken 26 times
    17 since last reset
  • The average score is 4 of 8
Answer Stats
Hint Answer % Correct
First female President of Lithuania from 2009 until 2019 1956 Dalia Grybauskaite
94%
Prime minister of Lithuania from 2020 to 2024 1974 Ingrida Simonyte
75%
Discus thrower, current world record holder and Olympic silver medalist 2002 Mykolas Alekna
69%
Tennis player and highest ranked Lithuanian of all time 1990 Ricardas Berankis
56%
DJ, "In My Mind" 1999 Dynoro
38%
Lithuanian-Russian-British actress, "Seven Years in Tibet" "Burnt by the Sun" 1963 Ingeborga Dapkunaite
38%
High jumper and winner of the gold medal at the European Indoor Championships 1992 Airine Palsyte
31%
Footballer and most capped player for Lithuania 1984 Saulius Mikoliunas
25%
No matching quizzes found
Score Distribution
Percent of People with Each Score
Percentile by Number Answered
Your Score History
You have not taken this quiz since the last reset